• AIU
  • Tony Wilmot Memorial Library

The Tears of orphans : (Record no. 63600)

MARC details
000 -LEADER
fixed length control field 01095cam a2200337 a 4500
001 - CONTROL NUMBER
control field 2571390
005 - DATE AND TIME OF LATEST TRANSACTION
control field 20170619150137.0
008 - FIXED-LENGTH DATA ELEMENTS--GENERAL INFORMATION
fixed length control field 950822s1995 enkabce 000 0 eng d
010 ## - LIBRARY OF CONGRESS CONTROL NUMBER
LC control number 95194231
015 ## - NATIONAL BIBLIOGRAPHY NUMBER
National bibliography number GB95-16972
020 ## - INTERNATIONAL STANDARD BOOK NUMBER
International Standard Book Number 0862102383
035 ## - SYSTEM CONTROL NUMBER
System control number (OCoLC)32387723
040 ## - CATALOGING SOURCE
Original cataloging agency Uk
Transcribing agency Uk
Modifying agency MBSuf
-- DLC
042 ## - AUTHENTICATION CODE
Authentication code lccopycat
043 ## - GEOGRAPHIC AREA CODE
Geographic area code f-sj---
050 00 - LIBRARY OF CONGRESS CALL NUMBER
Classification number JC599.S73
Item number T43 1995
082 04 - DEWEY DECIMAL CLASSIFICATION NUMBER
Classification number 323.09624
Edition number 20
110 2# - MAIN ENTRY--CORPORATE NAME
Corporate name or jurisdiction name as entry element Amnesty International.
245 04 - TITLE STATEMENT
Title The Tears of orphans :
Remainder of title no future without human rights.
260 ## - PUBLICATION, DISTRIBUTION, ETC. (IMPRINT)
Place of publication, distribution, etc London, U.K. :
Name of publisher, distributor, etc Amnesty International,
Date of publication, distribution, etc c1995.
300 ## - PHYSICAL DESCRIPTION
Extent 132 p. :
Other physical details ill., maps, 1 plan, ports. ;
Dimensions 21 cm.
500 ## - GENERAL NOTE
General note Spine title: Sudan.
500 ## - GENERAL NOTE
General note Errata slip inserted.
650 #0 - SUBJECT ADDED ENTRY--TOPICAL TERM
Topical term or geographic name as entry element Human rights
Geographic subdivision Sudan.
650 #0 - SUBJECT ADDED ENTRY--TOPICAL TERM
Topical term or geographic name as entry element Social conflict
Geographic subdivision Sudan.
651 #0 - SUBJECT ADDED ENTRY--GEOGRAPHIC NAME
Geographic name Sudan
General subdivision Politics and government
Chronological subdivision 1985-
740 0# - ADDED ENTRY--UNCONTROLLED RELATED/ANALYTICAL TITLE
Uncontrolled related/analytical title Sudan.
906 ## - LOCAL DATA ELEMENT F, LDF (RLIN)
a 7
b cbc
c copycat
d 2
e ncip
f 19
g y-gencatlg
942 ## - ADDED ENTRY ELEMENTS (KOHA)
Source of classification or shelving scheme
Holdings
Withdrawn status Lost status Source of classification or shelving scheme Damaged status Not for loan Collection code Home library Current library Shelving location Date acquired Source of acquisition Cost, normal purchase price Total Checkouts Full call number Barcode Date last seen Copy number Price effective from Koha item type
    Library of Congress Classification     Special Collection AIU/NEGST - Tony Wilmot Memorial Library AIU/NEGST - Tony Wilmot Memorial Library Special Collection 06/21/2016 Donation- SIL Sudan 20.00   S JC 599.S73T43 1995 R38796J3232 09/26/2019 1 07/26/2018 Special Collection